[Event "Calvia op"]
[Site "Calvia"]
[Date "2006.10.13"]
[Round "3.16"]
[White "Moran Rodriguez, Luciano Rafael"]
[Black "Marques Mora, Antonio"]
[Result "1-0"]
[WhiteElo "2130"]
[BlackElo "1987"]
[PlyCount "90"]
[EventDate "2006.10.11"]
[EventType "swiss"]
[EventRounds "9"]
[EventCountry "ESP"]
[SourceTitle "EXT 2007"]
[Source "ChessBase"]
[SourceDate "2006.11.23"]
[SourceVersion "1"]
[SourceVersionDate "2006.11.23"]
[SourceQuality "1"]

1. d4 d5 2. c4 c6 3. Nf3 Nf6 4. e3 Bf5 5. Nc3 e6 6. Be2 dxc4 7. Bxc4 Be7 8. 0-0 0-0 9. h3 h6 10. Re1 b5 11. Bd3 Bxd3 12. Qxd3 Nbd7 13. a3 Nb6 14. Qe2 Qc7 15. e4 Rfd8 16. g3 a6 17. Bf4 Qb7 18. Rad1 b4 19. axb4 Bxb4 20. Ne5 Nbd7 21. Nd3 a5 22. Qf3 c5 23. dxc5 Nxc5 24. Nxc5 Bxc5 25. Bxh6 Be7 26. Bc1 Bb4 27. Rxd8+ Rxd8 28. Bg5 Be7 29. Re2 Nh7 30. Bxe7 Qxe7 31. h4 Nf8 32. Qe3 Ng6 33. Qb6 Ra8 34. Kg2 Qd7 35. Qe3 Rd8 36. h5 Nf8 37. h6 g6 38. Qg5 Nh7 39. Qe5 f6 40. Qxa5 Qd6 41. Re1 Re8 42. Rd1 Qe7 43. Qb5 Nf8 44. Qb3 Kh7 45. Ra1 Kxh6 1-0